The global environment : institutions, law, and policy
| Other Authors: | , |
|---|---|
| Format: | Book |
| Published: |
London :
Earthscan ,
1999.
|
| Subjects: |
MARC
| LEADER | 00000cam a2200000 7i4500 | ||
|---|---|---|---|
| 001 | 0000003261 | ||
| 005 | 20050819.0 | ||
| 020 | 0 | 0 | |a 1853836451 (pbk) |
| 090 | 0 | 0 | |a 333.7 |b GLO |
| 245 | 1 | 4 | |a The global environment : |b institutions, law, and policy |c edited by Norman J. Vig, Regina S. Axelrod. |
| 260 | 0 | 0 | |a London : |b Earthscan , |c 1999. |
| 300 | |a xv,352p. ; |c 24cm. | ||
| 650 | 0 | 0 | |a Environmental law, International. |
| 650 | 0 | 0 | |a Environmental policy. |
| 700 | 1 | 1 | |a Axelrod, Regina S. |
| 700 | 1 | 1 | |a Vig, Norman J. |
| 999 | |a 0000006219 |b Monograph |c Open Shelf |e Default branch | ||